000 00229nam a2200097Ia 4500
008 190216s9999||||xx |||||||||||||| ||und||
100 _aNull
245 0 _aHindi-Manikapka Gat Ka Sand
260 _bHindi Sahithya Sadan
942 _cBK
999 _c17882
_d17882